000 00303nam a22001337a 4500
008 170623b xxu||||| |||| 00| 0 eng d
020 _a9780521368988
041 _aeng
080 _a93
100 _a21
101 _aSHH
245 _aLATIN AMERICA ECONOMY AND SECURITY
_cBETHELL, L
942 _2udc
_cBK
999 _c19060
_d19060